Pakistani scholars on Quaid-i-Azam Mohammad Ali Jinnah (Record no. 13087)

MARC details
000 -LEADER
fixed length control field 00293nam a2200097Ia 4500
008 - FIXED-LENGTH DATA ELEMENTS--GENERAL INFORMATION
fixed length control field 231207s9999 xx 000 0 und d
082 ## - DEWEY DECIMAL CLASSIFICATION NUMBER
Classification number 954.91
Item number RIA
100 ## - MAIN ENTRY--PERSONAL NAME
Author Name Riaz Ahmad
245 #0 - TITLE STATEMENT
Title Pakistani scholars on Quaid-i-Azam Mohammad Ali Jinnah
260 ## - PUBLICATION, DISTRIBUTION, ETC.
Name of publisher, distributor, etc. Goledn Jubilee Cell and Quaid-i-Azam Chair
999 ## -
-- 13087
-- 13087
Holdings
Withdrawn status Weedout from Library Permanent Location Current Location Shelving location Date acquired Full call number Barcode Price effective from Koha item type
    NATIONAL COLLEGE OF ARTS, LAHORE - LIBRARY NATIONAL COLLEGE OF ARTS, LAHORE - LIBRARY   08/12/2023 954.91 RIA 17087 08/12/2023 Book